000 00534ntaaa2200193 4500
003 01
005 20251027202856.0
008 0714s1973 ag 01
040 _aAR-BaBN
_bspa
_cAR-BaBN
_eaacr
_dRIC
082 _a269.2000 Au8
100 _aAutrey, C.E.
_910652
245 _aRenewals before pentecost
250 _a1 ed.
260 _aNashville :
_bBroadman Press,
_cc1960, 1968
300 _a144 p
500 _aComo el espíritu de Dios revitalizaba su pueblo en el Antiguo Testamento
650 _aevangelización
942 _cBK
999 _c24104
_d24104